Géographie par lettre - T - Statistiques

Statistiques générales
  • Ce quiz a été pris 219 fois
    214 depuis la dernière actualisation
  • Le résultat moyen est 16 sur 20
Statistiques - réponses
Questions Réponses % Correct
Quelle ville est la capitale du Japon ? Tokyo
99%
Quelle est la capitale de la Tunisie ? Tunis
98%
Dans quel pays se situe le fameux Mont Kilimandjaro ? Tanzanie
94%
Quel pays actuel était le centre de l'Empire Ottoman ? Turquie
92%
Quel fleuve traverse la ville de Londres ? Tamise
90%
Quel pays a pour capitale Lomé ? Togo
90%
Quelle est la capitale de l'Iran ? Téhéran
88%
Quelle ville est la capitale française de l'aéronautique ? Toulouse
88%
De quelle région roumaine est originaire Dracula ? Transylvannie
88%
Quelle est la capitale du Piémont, accueillant le siège de Fiat ? Turin
80%
Quel petit pays d'Océanie est le moins peuplé ? Tuvalu
77%
Quelle région montagneuse chinoise a été annexée en 1950 ? Tibet
74%
Quelle est la capitale de la Libye ? Tripoli
73%
Dans quel pays les réfractaires au régime chinois se sont rendus après 1949 ? Taïwan
69%
Quelle est la ville la plus peuplée de l'Ontario ? Toronto
67%
Quel département porte le numéro 82 ? Tarn-et-Garonne
66%
Quel pays d'Afrique tient son nom d'un lac, à sa frontière Ouest ? Tchad
65%
Quel pays d'Océanie a obtenu son indépendance du Royaume-Uni en 1970 ? Tonga
64%
Quelle ville mexicaine se situe à la frontière américaine, face à San Diego ? Tijuana
53%
Quelle région historique française se situe autour de la ville de Tours ? Tourraine
50%
Aucun quiz correspondant
Distribution des résultats
% des personnes avec chaque résultat
Percentile par nombre de réponses
Votre historique - résultats
Vous n’avez pas pris ce quiz depuis la dernière actualisation